000 00653nam a2200229 a 4500
001 83019
003 BD-RjUL
005 20240208145512.0
008 240208s1954 enk 000 0 eng d
035 _a(BD-RjUL)83019
040 _aTAU
_beng
_cBD-RjUL
041 _aeng
082 _223
_a823.912
_bLAA 1954
100 1 _aLawrence, D. H.
_q(David Herbert),
_d1885-1930
_911578
245 1 0 _aAaron's rod /
_cD. H. Lawrence
250 _aPhoenix ed.
260 _aLondon :
_bW. Heinemann,
_c1954
300 _a290 p.;
_c19 cm.
650 _aFlute players
_vFiction
_911580
942 _2ddc
_cBK
999 _c83019
_d83019